[Event "Lueneburg GM"]
[Site "Lueneburg"]
[Date "2016.06.30"]
[Round "1"]
[White "Jahncke, Giso"]
[Black "Koop, Thorben"]
[Result "1-0"]
[WhiteElo "2332"]
[BlackElo "2429"]
[PlyCount "57"]
[EventDate "2016.06.30"]
[EventType "tourn"]
[EventRounds "9"]
[EventCountry "GER"]
[EventCategory "7"]
[SourceTitle "CBM 173 Extra"]
[Source "ChessBase"]
[SourceDate "2016.08.29"]
[SourceVersion "1"]
[SourceVersionDate "2016.08.29"]
[SourceQuality "1"]

1. Nf3 Nf6 2. c4 g6 3. Nc3 Bg7 4. e4 0-0 5. d4 d6 6. Be2 Bg4 7. Be3 Nfd7 8. Rc1 a6 9. 0-0 c5 10. d5 b5 11. cxb5 Bxf3 12. gxf3 axb5 13. Bxb5 Qa5 14. a4 Nb6 15. Bg5 Bxc3 16. bxc3 f6 17. Bh6 Rc8 18. c4 N6d7 19. f4 Nf8 20. Qg4 Qd8 21. Rc3 Nbd7 22. h4 Rc7 23. Rg3 Rca7 24. Ra1 Qc8 25. h5 Nb6 26. f5 Nbd7 27. hxg6 hxg6 28. Bxd7 Qxd7 29. Bxf8 1-0

[Event "Lueneburg GM"]
[Site "Lueneburg"]
[Date "2016.06.30"]
[Round "2"]
[White "Koop, Thorben"]
[Black "Kollars, Dmitrij"]
[Result "0-1"]
[WhiteElo "2429"]
[BlackElo "2471"]
[PlyCount "80"]
[EventDate "2016.06.30"]
[EventType "tourn"]
[EventRounds "9"]
[EventCountry "GER"]
[EventCategory "7"]
[SourceTitle "CBM 173 Extra"]
[Source "ChessBase"]
[SourceDate "2016.08.29"]
[SourceVersion "1"]
[SourceVersionDate "2016.08.29"]
[SourceQuality "1"]

1. d4 Nf6 2. Nf3 g6 3. g3 Bg7 4. c4 0-0 5. Bg2 d6 6. 0-0 Nc6 7. Nc3 e5 8. d5 Nb8 9. c5 Na6 10. cxd6 cxd6 11. a4 Bd7 12. Nd2 Qe7 13. a5 Rfc8 14. Qb3 Nc5 15. Qa3 Ne8 16. Nde4 Nxe4 17. Nxe4 f5 18. Nc3 Nc7 19. Qb3 Na6 20. Be3 Be8 21. Rfc1 Nc5 22. Qa3 e4 23. Rd1 Rc7 24. Bf1 Rac8 25. Bd4 Bxd4 26. Rxd4 Qe5 27. e3 a6 28. Rb4 g5 29. Rd1 f4 30. exf4 gxf4 31. Re1 Bg6 32. Rc4 Rf8 33. b4 fxg3 34. hxg3 Rxf2 35. Nxe4 Bxe4 36. Kxf2 Nd3+ 37. Qxd3 Rf7+ 38. Kg1 Rxf1+ 39. Rxf1 Bxd3 40. Rg4+ Bg6 0-1

[Event "NED-chT 1516"]
[Site "Netherlands"]
[Date "2016.03.19"]
[Round "7.7"]
[White "Koop, Thorben"]
[Black "Klein, David"]
[Result "1-0"]
[WhiteElo "2407"]
[BlackElo "2509"]
[PlyCount "119"]
[EventDate "2015.09.26"]
[EventType "team-tourn"]
[EventRounds "9"]
[EventCountry "NED"]
[SourceTitle "EXT 2017"]
[Source "ChessBase"]
[SourceDate "2016.10.25"]
[SourceVersion "1"]
[SourceVersionDate "2016.10.25"]
[SourceQuality "1"]
[WhiteTeam "SISSA"]
[BlackTeam "Groningen Combinatie"]
[WhiteTeamCountry "NED"]
[BlackTeamCountry "NED"]

1. Nf3 g6 2. d4 Bg7 3. e4 d6 4. Nc3 c6 5. Be2 b5 6. 0-0 Nd7 7. Re1 Qc7 8. Bf1 b4 9. Nb1 e6 10. Nbd2 Ne7 11. a3 bxa3 12. Rxa3 0-0 13. Nc4 d5 14. Na5 c5 15. exd5 Nxd5 16. c4 Nb4 17. Bd2 Rb8 18. Bc3 Rd8 19. Qe2 Ba6 20. Nb3 Bb7 21. Ng5 Qf4 22. Nh3 Qf5 23. Bxb4 cxb4 24. Rxa7 Qf6 25. Qg4 Nb6 26. Ng5 Nc8 27. Raa1 Nd6 28. Nf3 h5 29. Qg5 Bxf3 30. Qxf6 Bxf6 31. gxf3 Nf5 32. Red1 Bxd4 33. Nxd4 Nxd4 34. f4 Kg7 35. Kg2 Kf6 36. Ra7 Nc6 37. Rxd8 Rxd8 38. Ra6 Nd4 39. Rb6 b3 40. c5 Rd5 41. Rb4 Kf5 42. Bd3+ Kxf4 43. c6 e5 44. c7 Rc5 45. Rc4 Rxc7 46. Rxc7 f5 47. Rc3 g5 48. Bc4 g4 49. Bxb3 e4 50. Bd1 h4 51. b4 h3+ 52. Kf1 Ke5 53. b5 Nxb5 54. Rc5+ Kf4 55. Rxb5 e3 56. Rb4+ Kg5 57. fxe3 f4 58. exf4+ Kh4 59. Rb5 g3 60. Rh5# 1-0

[Event "Reykjavik op"]
[Site "Reykjavik"]
[Date "2016.03.14"]
[Round "8"]
[White "Koop, Thorben"]
[Black "Shabalov, Alexander"]
[Result "1/2-1/2"]
[WhiteElo "2416"]
[BlackElo "2520"]
[PlyCount "93"]
[EventDate "2016.03.08"]
[EventType "swiss"]
[EventRounds "10"]
[EventCountry "ISL"]
[SourceTitle "CBM 171 Extra"]
[Source "ChessBase"]
[SourceDate "2016.04.26"]
[SourceVersion "1"]
[SourceVersionDate "2016.04.26"]
[SourceQuality "1"]

1. d4 Nf6 2. c4 e6 3. Nc3 Bb4 4. Bd2 d5 5. Nf3 0-0 6. e3 b6 7. cxd5 exd5 8. Bd3 Bb7 9. Ne5 Bd6 10. 0-0 c5 11. f4 Nc6 12. Qf3 cxd4 13. Nxc6 Bxc6 14. exd4 Qd7 15. f5 Rfe8 16. Rae1 Bb4 17. Qg3 Rxe1 18. Rxe1 Ne4 19. Bxe4 dxe4 20. d5 Bxd5 21. Bh6 Bxc3 22. bxc3 f6 23. Rd1 Qf7 24. Rxd5 Kh8 25. Bxg7+ Qxg7 26. Qxg7+ Kxg7 27. Rd4 Kh6 28. Rxe4 Kg5 29. Re7 h5 30. Rh7 a5 31. Rg7+ Kf4 32. Rb7 Rd8 33. Rxb6 Rd1+ 34. Kf2 Rd2+ 35. Kf1 Rxa2 36. Rxf6 a4 37. Rb6 Kxf5 38. Rb4 Rc2 39. Rxa4 Rxc3 40. Ra2 Kg5 41. Kf2 Rb3 42. Re2 Kf4 43. g3+ Kg5 44. Kg2 h4 45. Ra2 hxg3 46. hxg3 Rb5 47. Ra8 1/2-1/2

[Event "Reykjavik op"]
[Site "Reykjavik"]
[Date "2016.03.13"]
[Round "7"]
[White "Rambaldi, Francesco"]
[Black "Koop, Thorben"]
[Result "1/2-1/2"]
[WhiteElo "2541"]
[BlackElo "2416"]
[PlyCount "159"]
[EventDate "2016.03.08"]
[EventType "swiss"]
[EventRounds "10"]
[EventCountry "ISL"]
[SourceTitle "CBM 171 Extra"]
[Source "ChessBase"]
[SourceDate "2016.04.26"]
[SourceVersion "1"]
[SourceVersionDate "2016.04.26"]
[SourceQuality "1"]

1. d4 Nf6 2. c4 g6 3. Nf3 Bg7 4. e3 0-0 5. Be2 c6 6. 0-0 d5 7. Nbd2 Nbd7 8. b3 Ne4 9. Bb2 Qa5 10. Qc2 Ndf6 11. Nxe4 Nxe4 12. Bd3 Nd6 13. c5 Ne8 14. b4 Qc7 15. a4 Nf6 16. b5 Nd7 17. Rfb1 Re8 18. a5 a6 19. bxc6 bxc6 20. h3 Rb8 21. Qe2 e5 22. Nxe5 Bxe5 23. dxe5 Nxc5 24. Bc3 Nxd3 25. Qxd3 Bf5 26. Rxb8 Rxb8 27. Qxa6 Rb3 28. Bd4 Bc8 29. Qa8 Rb8 30. Qa7 Qxa7 31. Bxa7 Ra8 32. Bb6 Ba6 33. g4 Kf8 34. f4 Ke7 35. Kf2 Ke6 36. Rg1 Bd3 37. Ke1 Rh8 38. Kd2 Bb5 39. Ra1 Ba6 40. Rc1 Rc8 41. Kc3 c5 42. Kd2 Bc4 43. e4 g5 44. exd5+ Bxd5 45. fxg5 Kxe5 46. Rf1 Ke4 47. Kc3 Rc6 48. Rf2 Ke3 49. Rf6 Rxf6 50. gxf6 Kf4 51. a6 Kg5 52. Bxc5 Kxf6 53. Kd4 Ke6 54. Bb4 Bg2 55. Ke3 Kd7 56. a7 Kc8 57. Kf2 Bd5 58. g5 Kb7 59. Bc5 Be4 60. Ke3 Bf5 61. h4 Bg6 62. Kd4 Bb1 63. Ke5 Bc2 64. Bg1 Bb1 65. Bf2 Bc2 66. Be3 Bb1 67. Kf6 Bc2 68. Kxf7 Bb1 69. Kg7 Bc2 70. Bd4 Bb1 71. Be3 Bc2 72. h5 Bb1 73. g6 Bxg6 74. hxg6 hxg6 75. Kxg6 Ka8 76. Kf6 Kb7 77. Ke7 Ka8 78. Ke8 Kb7 79. Kd7 Ka8 80. Kc8 1/2-1/2

[Event "Reykjavik op"]
[Site "Reykjavik"]
[Date "2016.03.09"]
[Round "2"]
[White "Koop, Thorben"]
[Black "Meier, Gerd"]
[Result "1-0"]
[WhiteElo "2416"]
[BlackElo "1851"]
[PlyCount "49"]
[EventDate "2016.03.08"]
[EventType "swiss"]
[EventRounds "10"]
[EventCountry "ISL"]
[SourceTitle "CBM 171 Extra"]
[Source "ChessBase"]
[SourceDate "2016.04.26"]
[SourceVersion "1"]
[SourceVersionDate "2016.04.26"]
[SourceQuality "1"]

1. Nf3 Nf6 2. g3 d6 3. d4 g6 4. Bg2 Bg7 5. 0-0 0-0 6. c4 Nbd7 7. Nc3 c6 8. Qc2 Re8 9. Rd1 Qc7 10. e4 e5 11. h3 h6 12. Be3 Nf8 13. Rac1 Be6 14. d5 cxd5 15. cxd5 Bd7 16. Qd2 Kh7 17. Nb5 Qb8 18. Nc7 Nxe4 19. Qb4 f5 20. Nxa8 Qxa8 21. Nd2 Nxd2 22. Rxd2 Qb8 23. Rdc2 Rd8 24. Rc7 Bc8 25. Bxh6 1-0